| 000 | 00648nam a22001937a 4500 | ||
|---|---|---|---|
| 005 | 20100819152536.0 | ||
| 010 | _aENG-100999 | ||
| 020 |
_a9788183689120 _c100.00 |
||
| 035 | _aEN-84532 | ||
| 037 | _bDBAD/PUB | ||
| 082 | _a954.01 | ||
| 100 |
_aGurumurthy, S _915272 |
||
| 245 |
_aIndia Time has come / _cby S Gurumurthy |
||
| 260 |
_aChennai _bOxygen Books _c2008 |
||
| 270 |
_a33/15, Eldams Road _bChennai _e600018 |
||
| 300 |
_a136p _c21cm(pbk) |
||
| 942 |
_2ddc _cEN _h954.01 _mGUR |
||
| 999 |
_c42585 _d42585 |
||